| 000 | 00422nam a2200181Ia 4500 | ||
|---|---|---|---|
| 008 | 230524s9999 xx 000 0 und d | ||
| 020 | _a8187328959 | ||
| 082 |
_a621.389 _bSAS |
||
| 100 | _aB.Sasikala | ||
| 245 | 0 | _aElectronic Circuits | |
| 250 | _a1ST | ||
| 260 |
_aCHENNAI _bScitech _c2001 |
||
| 300 | _aA3.19 | ||
| 500 | _aQuantity Number: 2 | ||
| 650 | _aElectronics | ||
| 700 | _a S.Poornachandra | ||
| 942 | _cBK | ||
| 999 |
_c9012 _d9012 |
||